|
|
|
|
| LEADER |
00000nam a22000007a 4500 |
| 005 |
2021042103343.0 |
| 007 |
cr|||| |||| |
| 008 |
210421s2015 br |||||s|||| 00||0 por d |
| 035 |
|
|
|a 33155
|
| 040 |
|
|
|a vLex
|
| 090 |
|
|
|c 11498
|d 11498
|
| 100 |
1 |
|
|a Lima Trugilho, Diego
|
| 245 |
1 |
1 |
|a A Histr̤ia da Reparabilidade do Dano Moral
|h [Recurso electrn̤ico] :
|b De Freitas a Bevilaqua /
|c Diego Lima Trugilho
|
| 256 |
|
|
|a Servicio en ln̕ea
|
| 260 |
|
|
|a Belo Horizonte:
|b Initia Via Editora,
|c 2015
|
| 300 |
|
|
|a 1 recurso electrn̤ico
|
| 506 |
1 |
|
|a Disponible solo en los productos indicados
|d vLex Global
|d vLex Global (Academic Edition, excluding Law Schools)
|d vLex Global (U.S. Academic Edition, Law Schools)
|d vLex Global (U.S. Academic Edition, excluding Law Schools)
|d vLex Global (Academic Edition, Law Schools)
|
| 650 |
0 |
4 |
|a Derecho Civil
|z Brasil
|
| 740 |
0 |
|
|a vLex Libros (Servicio en ln̕ea)
|
| 856 |
4 |
0 |
|u https://vlex.com/source/historia-reparabilidade-dano-moral-33155
|z Acceso restringido
|
| 942 |
|
|
|c BOOK
|
| 999 |
0 |
|
|a Civil Law
|